01204nam a2200241 a 450000100100000000500170001000800410002702000180006804000250008610000440011124501620015526000390031730000190035650000680037550000420044350400320048570000440051770000440056195201240060595201050072995201110083499900170094500003849020201002031257.0130412s20uu dr 000 0 spa d a9789993444800 aDO-SdBNPbspacBNPHU1 aLíz Frías, Ramón Rigoberto96483813aLa demanda en partición de bienes entre convivientes /cRamón Rigoberto Líz Frías, Eusebio Antonio Martínez Sosa ; prólogo Augusto Robert Castro. aSanto Domingo :bDalís,c[20-?]. a144 p.a25 cm. aIncluye datos biográficos de los autores en la contracubierta aIncluye notas al pie de las páginas aBibliografía : p. 141-1441 aMartínez Sosa, Eusebio Antonio9648391 aRobert Castro, Augusto,epról.964840 001153708DSaGRbGRcMId2013-04-12iLF1l0o p38490-30r2020-06-25te. 3w2020-06-25yLFDSZPréstamo restringido 0010718PDaPDbPDcCTd2013-04-12iLF1l0o p38490-10r2020-06-25w2020-06-25yLFPDZNo se presta 0010718PDaPDbPDcCTd2013-04-12iLF1l0o p38490-20r2020-06-25te. 2w2020-06-25yLFPDZNo se presta c37980d37980